| Tag |
First Indicator |
Second Indicator |
Subfields |
| LEADER |
00000nam a2200000Ia 4500 |
| 001 |
in00004315513 |
| 005 |
20200812085216.0 |
| 006 |
m g d |
| 007 |
cr bn |||a|bb| |
| 008 |
980109s1643 enk o 00| | eng d |
| 035 |
|
|
|a (UnM)99897224
|
| 037 |
|
|
|a CL0037000103
|b ProQuest Information and Learning. 300 N. Zeeb Rd., Ann Arbor, MI 48106
|
| 040 |
|
|
|a Cu-RivES
|c Cu-RivES
|e dcrb
|d WaOLN
|
| 100 |
1 |
|
|a Diggs, Dudley,
|d 1613-1643.
|
| 245 |
1 |
2 |
|a A review of the observations upon some of His Majesties late answers and expresses :
|b Written by a Gentleman of Quality.
|
| 260 |
|
|
|a Oxford [id est London] :
|b printed by Leonard Lichfield, printer to the Vniversity,
|c 1643.
|
| 300 |
|
|
|a 1 online resource (21, [3] pages)
|
| 336 |
|
|
|a text
|b txt
|2 rdacontent
|
| 337 |
|
|
|a computer
|b c
|2 rdamedia
|
| 338 |
|
|
|a online resource
|b cr
|2 rdacarrier
|
| 500 |
|
|
|a Attributed to Dudley Diggs by Wing (CD-ROM edition).
|
| 500 |
|
|
|a "A London counterfeit edition of the foregoing [Madan 1313], omitting the Printer's note. Probably issued about April 17." --Madan.
|
| 500 |
|
|
|a This edition has a border; "Written by a Gentleman of Quality" is on one line; printer's name is spelled "Lichfield" as opposed to "Lichefield" (Wing D1459B).
|
| 500 |
|
|
|a Reproduction of original in the Folger Shakespeare Library.
|
| 510 |
4 |
|
|a Wing (CD-ROM, 1996)
|c D1459A
|
| 510 |
4 |
|
|a Madan
|c II, 1314
|
| 533 |
|
|
|a Electronic reproduction.
|b Ann Arbor, Mich. :
|c UMI,
|d 1999-
|f (Early English books online)
|n Digital version of: (Early English books, 1641-1700 ; 2481:10)
|7 s1999 miun s
|
| 600 |
0 |
0 |
|a Charles
|b I,
|c King of England,
|d 1600-1649
|v Early works to 1800.
|
| 651 |
|
4 |
|a Great Britain
|x History
|y Civil War, 1642-1649
|v Early works to 1800.
|
| 830 |
|
0 |
|a Early English books online.
|
| 856 |
4 |
0 |
|u http://proxy.library.tamu.edu/login?url=https://search.proquest.com/docview/2240938357
|z Connect to the full text of this electronic book
|t 0
|
| 999 |
f |
f |
|s 90511c49-078e-35a7-ab2e-42de7eec41cf
|i 66dfcbf0-5d50-3790-bfa1-cacdf9a0457c
|t 0
|
| 952 |
f |
f |
|a Texas A&M University
|b College Station
|c Electronic Resources
|d Available Online
|t 0
|h No information provided
|
| 998 |
f |
f |
|t 0
|l Available Online
|